| 000 | 00488cam a2200169 4500 | ||
|---|---|---|---|
| 001 | D15396 | ||
| 008 | 090401t1963 xxu||||| |||| 00| 0 eng d | ||
| 035 | _a(Sirsi) u22485 | ||
| 041 | _aeng | ||
| 110 | _aChartered Auctioneers` & Estate Agents Institute | ||
| 245 | _aFinal and direct final examinations 1963: Sales of land and goods by auction and by private treaty | ||
| 260 |
_bCAEAI _c1963 |
||
| 350 | _a0 | ||
| 520 | _aFiled in box 1963/35 A | ||
| 942 | _n0 | ||
| 948 | _c04/03/1997 | ||
| 999 |
_c88191 _d88191 |
||